Statistics for Top 10 Cleanest Countries of the World

Click here to take the quiz!

General Stats

  • This quiz has been taken 302 times
  • The average score is 6 of 10

Answer Stats

IndexCountry% Correct
978.09Sweden
91%
1078.04Norway
90%
187.67Switzerland
76%
878.32Austria
68%
680.47Germany
68%
382.40Australia
65%
481.78Singapore
64%
283.29Luxembourg
60%
779.79Spain
43%
581.47Czech Republic
21%

Score Distribution

Percentile by Number Answered

Percent of People with Each Score

Your Score History

You have not taken this quiz